[Event "Oberliga Ost A"]
[Site "?"]
[Date "2022.09.04"]
[Round "1.1"]
[White "Burian, Simon"]
[Black "Cerveny, Martin"]
[Result "0-1"]
[WhiteElo "2196"]
[BlackElo "2402"]
[PlyCount "80"]
[EventDate "2022.09.18"]
[EventType "team-tourn"]
[EventCountry "GER"]
[WhiteTeam "Magdeburg USC"]
[BlackTeam "Plauen SK Koenig"]
[WhiteTeamCountry "GER"]
[BlackTeamCountry "GER"]

1. e4 c5 2. Nf3 d6 3. d4 cxd4 4. Nxd4 Nf6 5. Nc3 Nc6 6. Be3 e5 7. Nb3 Be7 8. f3 O-O 9. Qd2 a5 10. Bb5 Be6 11. O-O-O Qb8 12. Kb1 Na7 13. Bf1 Rc8 14. Nxa5 b5 15. Nd5 Bd8 16. Nb3 Nc6 17. Bg5 b4 18. Be3 Bxd5 19. exd5 Ne7 20. Bf2 Ra4 21. Bd3 Qa8 22. Be4 Qa6 23. Qd3 Rxa2 24. Qxa6 Rxa6 25. Be1 Ra4 26. Nc1 Rca8 27. b3 Ra1+ 28. Kb2 R8a2+ 29. Nxa2 Rxd1 30. Nxb4 Ba5 31. Nc6 Bxe1 32. Nxe7+ Kf8 33. Nf5 Bc3+ 34. Kxc3 Rxh1 35. Nxd6 Rxh2 36. Nc4 Rxg2 37. Nxe5 h5 38. d6 Nxe4+ 39. fxe4 h4 40. Nc6 Ke8 0-1

[Event "Oberliga Ost A"]
[Site "?"]
[Date "2022.09.04"]
[Round "1.2"]
[White "Spiess, Gunter"]
[Black "Zaehringer, Daniel"]
[Result "1-0"]
[WhiteElo "2384"]
[BlackElo "2174"]
[PlyCount "75"]
[EventDate "2022.09.18"]
[EventType "team-tourn"]
[EventCountry "GER"]
[WhiteTeam "Plauen SK Koenig"]
[BlackTeam "Aue ESV Nickelhuette II"]
[WhiteTeamCountry "GER"]
[BlackTeamCountry "GER"]

1. Nf3 d5 2. d4 Nf6 3. c4 e6 4. g3 Be7 5. Bg2 O-O 6. O-O dxc4 7. Qc2 a6 8. a4 Bd7 9. Qxc4 Bc6 10. Bg5 Bd5 11. Qc2 Be4 12. Qd2 Nc6 13. Rd1 h6 14. Bxf6 Bxf6 15. e3 a5 16. Nc3 Bg6 17. Qe2 Nb4 18. Ne5 Bxe5 19. dxe5 Qc8 20. Rac1 c6 21. Nb5 Rd8 22. Nd6 Qc7 23. f4 Qe7 24. e4 Bh7 25. Rd2 b5 26. axb5 cxb5 27. Qxb5 Rdb8 28. Qc5 Bg6 29. f5 Qg5 30. Qf2 Bh5 31. h4 Qe7 32. Kh2 exf5 33. exf5 Qxe5 34. Rc5 Qf6 35. Bxa8 Rxa8 36. Qd4 Qd8 37. f6 Bg6 38. h5 1-0

[Event "Oberliga Ost A"]
[Site "?"]
[Date "2022.09.04"]
[Round "1.3"]
[White "Kunze, Carlo"]
[Black "Wichmann, Cliff"]
[Result "1-0"]
[WhiteElo "2274"]
[BlackElo "2316"]
[PlyCount "123"]
[EventDate "2022.09.18"]
[EventType "team-tourn"]
[EventCountry "GER"]
[WhiteTeam "Aue ESV Nickelhuette II"]
[BlackTeam "Plauen SK Koenig"]
[WhiteTeamCountry "GER"]
[BlackTeamCountry "GER"]

1. d4 d5 2. c4 e6 3. Nc3 c5 4. cxd5 exd5 5. Nf3 Nc6 6. Bg5 Be7 7. Bxe7 Ngxe7 8. e3 c4 9. Be2 O-O 10. O-O b5 11. e4 dxe4 12. Nxe4 Bf5 13. Nc3 Qb6 14. b3 Qa5 15. Qc1 Rac8 16. bxc4 bxc4 17. Rd1 Nb4 18. Qd2 Rfd8 19. Rac1 Nd3 20. Rb1 Bg6 21. Rb5 Qa6 22. Bxd3 cxd3 23. Rdb1 Qf6 24. a4 h6 25. Re1 Rd7 26. Ne4 Bxe4 27. Rxe4 Qc6 28. Qxd3 Ng6 29. Re1 a6 30. Ra5 Rd6 31. Qb3 Nf4 32. Rc5 Qa8 33. Qe3 Ne6 34. Rxc8+ Qxc8 35. Rc1 Rc6 36. Rd1 Rc3 37. Qd2 Rc2 38. Qe3 Rc3 39. Qe4 Qc4 40. a5 Rc1 41. Qe1 Rxd1 42. Qxd1 Qd5 43. Qd2 g5 44. h3 Kg7 45. Qe1 f6 46. Qb4 Nf4 47. Kh2 Qa2 48. Qe7+ Kg8 49. Qxf6 Qxf2 50. Qd8+ Kg7 51. Qd7+ Kg8 52. Qg4 Qa2 53. h4 Qxa5 54. hxg5 hxg5 55. Nxg5 Ng6 56. Nf3 Kh7 57. Qd7+ Kh6 58. g4 Nf4 59. Qf7 Ng6 60. g5+ Kh5 61. Kg3 Qd8 62. Qh7# 1-0

[Event "Oberliga Ost A"]
[Site "?"]
[Date "2022.09.04"]
[Round "1.4"]
[White "Schnabel, Ralf"]
[Black "Hoerr, Matthias"]
[Result "1-0"]
[WhiteElo "2217"]
[BlackElo "2093"]
[PlyCount "101"]
[EventDate "2022.09.18"]
[EventType "team-tourn"]
[EventCountry "GER"]
[WhiteTeam "Plauen SK Koenig"]
[BlackTeam "Aue ESV Nickelhuette II"]
[WhiteTeamCountry "GER"]
[BlackTeamCountry "GER"]

1. e4 c5 2. Nf3 e6 3. d4 cxd4 4. Nxd4 Nc6 5. Nc3 Qc7 6. g3 a6 7. Bg2 Nf6 8. O-O Nxd4 9. Qxd4 Bc5 10. Bf4 d6 11. Qd2 h6 12. Rad1 e5 13. Be3 Bb4 14. Nb5 axb5 15. Qxb4 Ra4 16. Qxd6 Qxd6 17. Rxd6 Rxa2 18. Rb1 Ra6 19. Bc5 Be6 20. Rxa6 bxa6 21. Bd6 Kd7 22. Bxe5 Rc8 23. c3 Kc6 24. Ra1 Kb7 25. Bd4 Rd8 26. b4 Bc4 27. f4 Re8 28. Re1 Kc6 29. Bf3 Bd3 30. Re3 Bb1 31. g4 Nxe4 32. Bxg7 Kd5 33. Bxh6 Kc4 34. Bg7 f5 35. Be5 Nd2 36. Be2+ Kb3 37. c4+ Kc2 38. cxb5 axb5 39. Bxb5 Rg8 40. g5 Ne4 41. Re2+ Kd1 42. Kf1 Nd2+ 43. Kf2 Ra8 44. g6 Ba2 45. Bc6 Ra3 46. Re3 Bb3 47. g7 Ra2 48. Rxb3 Nxb3+ 49. Kg3 Nd2 50. g8=Q Nf1+ 51. Kh4 1-0

[Event "Oberliga Ost A"]
[Site "?"]
[Date "2022.09.04"]
[Round "1.5"]
[White "Sandner, Gunter"]
[Black "Solberg, Joachim"]
[Result "0-1"]
[WhiteElo "2247"]
[BlackElo "2154"]
[PlyCount "82"]
[EventDate "2022.09.18"]
[EventType "team-tourn"]
[EventCountry "GER"]
[WhiteTeam "Aue ESV Nickelhuette II"]
[BlackTeam "Plauen SK Koenig"]
[WhiteTeamCountry "GER"]
[BlackTeamCountry "GER"]

1. d4 Nf6 2. Nf3 e6 3. g3 b6 4. Bg2 Bb7 5. O-O Be7 6. c4 O-O 7. Nc3 Ne4 8. Qc2 Nxc3 9. Qxc3 c5 10. dxc5 bxc5 11. Bf4 d6 12. Rad1 Qc7 13. Qc2 h6 14. Nd2 Nc6 15. Ne4 Nd4 16. Qd3 Qa5 17. Bxd6 Bxd6 18. Nxd6 Bxg2 19. Kxg2 Qxa2 20. b4 Qa6 21. bxc5 e5 22. Qe4 Qa5 23. Qxe5 Ne6 24. Nxf7 Rae8 25. Rd6 Kxf7 26. Rfd1 Qxc5 27. R1d5 Qc8 28. Rd7+ Kg8 29. Qc3 Rf7 30. Rxf7 Kxf7 31. c5 Qc6 32. e4 Kg8 33. f3 Qb5 34. Kf2 Rb8 35. c6 Qb6+ 36. Ke2 Qg1 37. c7 Qg2+ 38. Ke3 Qg1+ 39. Ke2 Nxc7 40. Rd7 Rb2+ 41. Kd3 Qb1+ 0-1

[Event "Oberliga Ost A"]
[Site "?"]
[Date "2022.09.04"]
[Round "1.6"]
[White "Jurasek, Miroslav"]
[Black "Kuraszkiewicz, Michael"]
[Result "1/2-1/2"]
[WhiteElo "2235"]
[BlackElo "2257"]
[PlyCount "40"]
[EventDate "2022.09.18"]
[EventType "team-tourn"]
[EventCountry "GER"]
[WhiteTeam "Plauen SK Koenig"]
[BlackTeam "Aue ESV Nickelhuette II"]
[WhiteTeamCountry "GER"]
[BlackTeamCountry "GER"]

1. Nf3 Nf6 2. g3 g6 3. Bg2 Bg7 4. O-O O-O 5. d4 d6 6. b3 c6 7. Bb2 Qa5 8. Qd2 Qxd2 9. Nbxd2 Bf5 10. Ne1 d5 11. h3 h5 12. Rd1 Bh6 13. Ndf3 Be4 14. Nd3 Nbd7 15. Rfe1 Rfd8 16. Bf1 Rac8 17. Nfe5 c5 18. dxc5 Nxc5 19. e3 Ne6 20. c4 dxc4 1/2-1/2

[Event "Oberliga Ost A"]
[Site "?"]
[Date "2022.09.04"]
[Round "1.7"]
[White "Fischer, Erik"]
[Black "Kunze, Kerstin"]
[Result "1/2-1/2"]
[WhiteElo "2050"]
[BlackElo "2014"]
[PlyCount "136"]
[EventDate "2022.09.18"]
[EventType "team-tourn"]
[EventCountry "GER"]
[WhiteTeam "Aue ESV Nickelhuette II"]
[BlackTeam "Plauen SK Koenig"]
[WhiteTeamCountry "GER"]
[BlackTeamCountry "GER"]

1. e4 c5 2. Nf3 d6 3. Bb5+ Nd7 4. O-O a6 5. Bd3 g6 6. c3 Bg7 7. a4 Ngf6 8. Bc2 O-O 9. d4 b6 10. e5 dxe5 11. dxe5 Ng4 12. Qd5 Ra7 13. e6 Nde5 14. exf7+ Nxf7 15. Qxd8 Rxd8 16. Bb3 Kf8 17. Nbd2 Nge5 18. Nxe5 Nxe5 19. Nc4 Nxc4 20. Bxc4 a5 21. Bf4 Ba6 22. Bxa6 Rxa6 23. Rfd1 Ke8 24. Rxd8+ Kxd8 25. Kf1 Ra7 26. Rd1+ Rd7 27. Rxd7+ Kxd7 28. Ke2 Kc6 29. Kd3 Bf6 30. b3 Kd7 31. c4 Kc6 32. Ke4 Kd7 33. Kd5 e6+ 34. Ke4 Bd8 35. Be5 Ke7 36. f3 Ke8 37. Bg3 Kf7 38. Bf2 Bc7 39. h3 Bd6 40. Bh4 Bc7 41. Bg5 Ke8 42. Bf6 Kd7 43. Be5 Bd8 44. Kf4 Be7 45. Kg4 Bd8 46. Kf4 Kc6 47. Ke3 Be7 48. Kd3 Bd8 49. Ke4 Be7 50. Bg7 Bd6 51. Bf6 Bc7 52. Be7 Kd7 53. Bg5 Bd6 54. Be3 Be7 55. Bf4 Bd8 56. g3 Bf6 57. Bb8 Kc8 58. Be5 Be7 59. h4 Kd7 60. Bb8 Kc8 61. Bf4 Bf6 62. Be5 Be7 63. Kf4 Kd7 64. Kg4 Bd8 65. Bb8 Bf6 66. Bf4 h5+ 67. Kh3 e5 68. Bd2 Ke6 1/2-1/2

[Event "Oberliga Ost A"]
[Site "?"]
[Date "2022.09.04"]
[Round "1.8"]
[White "Poessel, Christian"]
[Black "Pfretzschner, Roland"]
[Result "0-1"]
[WhiteElo "1996"]
[BlackElo "2151"]
[PlyCount "98"]
[EventDate "2022.09.18"]
[EventType "team-tourn"]
[EventCountry "GER"]
[WhiteTeam "Plauen SK Koenig"]
[BlackTeam "Aue ESV Nickelhuette II"]
[WhiteTeamCountry "GER"]
[BlackTeamCountry "GER"]

1. d4 Nf6 2. Nf3 e6 3. g3 c5 4. c4 cxd4 5. Nxd4 Qb6 6. Bg2 Bc5 7. e3 Nc6 8. Nc2 O-O 9. Nc3 a6 10. O-O Qc7 11. Qe2 Rb8 12. Bd2 b6 13. a3 Be7 14. Rab1 Bb7 15. e4 Rfd8 16. Rfc1 Rbc8 17. Bf4 Ne5 18. Nb4 d6 19. b3 Nfd7 20. Be3 Nc5 21. f4 Ned7 22. Bf2 Qb8 23. Nc2 Nf6 24. b4 Ncd7 25. a4 Qa8 26. Rb3 Rc7 27. Re1 Rdc8 28. Na3 Bf8 29. g4 d5 30. exd5 exd5 31. Nxd5 Nxd5 32. cxd5 Bxd5 33. Bxd5 Qxd5 34. Rd3 Qb7 35. Qd2 Nf6 36. h3 Ne4 37. Qe2 Nxf2 38. Kxf2 Bxb4 39. Red1 Qb8 40. Kg3 Re7 41. Qb2 Re4 42. Rf1 Bd6 43. Qd2 Bxf4+ 44. Rxf4 g5 45. Rd6 gxf4+ 46. Kh4 Rce8 47. Qd5 R4e6 48. Nc4 Rxd6 49. Nxd6 Qd8+ 0-1

[Event "Oberliga Ost A"]
[Site "?"]
[Date "2022.09.18"]
[Round "1.1"]
[White "Stein, Robert"]
[Black "Matthey, Harald"]
[Result "1-0"]
[WhiteElo "2371"]
[BlackElo "2111"]
[PlyCount "91"]
[EventDate "2022.09.18"]
[EventType "team-tourn"]
[EventCountry "GER"]
[WhiteTeam "Aue ESV Nickelhuette II"]
[BlackTeam "Plauen SK Koenig"]
[WhiteTeamCountry "GER"]
[BlackTeamCountry "GER"]

1. d4 a6 2. g3 d5 3. Bg2 Nf6 4. Nf3 c5 5. dxc5 Qa5+ 6. Nbd2 Nc6 7. O-O Qxc5 8. Nb3 Qd6 9. Bg5 Ne4 10. Qc1 Nxg5 11. Qxg5 h6 12. Qe3 e6 13. Rfd1 Qc7 14. Rxd5 Nb4 15. Rd2 Nxc2 16. Rc1 Nxe3 17. Rxc7 Nd5 18. Rc1 Bb4 19. Rdc2 O-O 20. Ne5 Bd6 21. Nc4 Bc7 22. Bxd5 exd5 23. Ne3 Bd6 24. Nxd5 Bf5 25. Rd2 Rad8 26. Rcd1 Be6 27. Na5 Rb8 28. a3 Rfc8 29. Nb6 Rc5 30. b4 Rxa5 31. bxa5 Bxa3 32. Rd8+ Rxd8 33. Rxd8+ Kh7 34. Rb8 Bb4 35. Rxb7 Bxa5 36. Nd7 Bc4 37. e4 Bd3 38. f3 Bc3 39. Kg2 Bb5 40. Nf8+ Kg8 41. Rb8 g5 42. Ng6+ Kg7 43. Ne7 Be5 44. Nf5+ Kg6 45. Rb6+ f6 46. Rb7 1-0

[Event "Oberliga Ost A"]
[Site "?"]
[Date "2022.09.18"]
[Round "1.2"]
[White "Schubert, Ralf"]
[Black "Post, Hugo"]
[Result "0-1"]
[WhiteElo "2108"]
[BlackElo "2176"]
[PlyCount "62"]
[EventDate "2022.09.18"]
[EventType "team-tourn"]
[EventCountry "GER"]
[WhiteTeam "Loeberitz SG"]
[BlackTeam "Dessau SK"]
[WhiteTeamCountry "GER"]
[BlackTeamCountry "GER"]

1. Nf3 Nf6 2. c4 e6 3. Nc3 Bb4 4. a3 Bxc3 5. bxc3 b6 6. d3 Nc6 7. g3 O-O 8. Bg2 Re8 9. O-O e5 10. e4 d6 11. Nh4 h6 12. f4 exf4 13. e5 Bg4 14. Qa4 Nxe5 15. Bxa8 Qxa8 16. d4 Nd3 17. gxf4 Be2 18. Bd2 b5 19. cxb5 g5 20. fxg5 Re4 21. Nf5 Bxf1 22. Rxf1 Re2 23. d5 Qxd5 24. Ne7+ Rxe7 25. gxf6 Re4 26. Qd1 h5 27. Rf3 Rg4+ 28. Rg3 Rxg3+ 29. hxg3 Ne5 30. Kf2 Ng4+ 31. Ke2 Qg2+ 0-1

[Event "Oberliga Ost A"]
[Site "?"]
[Date "2022.09.18"]
[Round "1.3"]
[White "Niegsch, Nicolas"]
[Black "Mirschinka, Dirk"]
[Result "1-0"]
[WhiteElo "2297"]
[BlackElo "2227"]
[PlyCount "81"]
[EventDate "2022.09.18"]
[EventType "team-tourn"]
[EventCountry "GER"]
[WhiteTeam "Dessau SK"]
[BlackTeam "Loeberitz SG"]
[WhiteTeamCountry "GER"]
[BlackTeamCountry "GER"]

1. d4 d6 2. Nf3 Nf6 3. c4 Nbd7 4. Nc3 e5 5. e4 Be7 6. Be2 c6 7. h3 O-O 8. Be3 Re8 9. d5 Nf8 10. Qd2 Nxe4 11. Nxe4 f5 12. Qc2 fxe4 13. Qxe4 cxd5 14. cxd5 Nd7 15. O-O Nb6 16. a4 a5 17. b4 Kh8 18. bxa5 Rxa5 19. Bb5 Rf8 20. g4 Nd7 21. Nd2 Ra8 22. Nc4 Nf6 23. Qd3 e4 24. Qd4 Nxg4 25. hxg4 Bf6 26. Qb6 Bxa1 27. Qxd8 Rxd8 28. Rxa1 Bxg4 29. Bg5 Rf8 30. Be7 Rf3 31. Nxd6 e3 32. fxe3 Rxe3 33. Bg5 Rb3 34. Rf1 Bh3 35. Rf2 h6 36. Be7 Re3 37. Nf7+ Kg8 38. d6 Be6 39. Nd8 Bd5 40. Rd2 Re5 41. Rxd5 1-0

[Event "Oberliga Ost A"]
[Site "?"]
[Date "2022.09.18"]
[Round "1.4"]
[White "Ozeran, Volodymyr"]
[Black "Schuetze, Norman"]
[Result "0-1"]
[WhiteElo "2096"]
[BlackElo "2293"]
[PlyCount "116"]
[EventDate "2022.09.18"]
[EventType "team-tourn"]
[EventCountry "GER"]
[WhiteTeam "Loeberitz SG"]
[BlackTeam "Dessau SK"]
[WhiteTeamCountry "GER"]
[BlackTeamCountry "GER"]

1. d4 d5 2. Nf3 Nf6 3. g3 g6 4. Bg2 Bg7 5. O-O O-O 6. Nbd2 Nc6 7. c4 dxc4 8. Nxc4 Be6 9. Nce5 Nxe5 10. Nxe5 Bd5 11. Qd3 Bxg2 12. Kxg2 Qd5+ 13. Kg1 c5 14. Nf3 Rfd8 15. Be3 Ng4 16. Rfd1 cxd4 17. Bxd4 e5 18. Bc3 Qxd3 19. exd3 Rd5 20. h3 Nh6 21. Kf1 f6 22. Ke2 Nf5 23. Rac1 Rad8 24. g4 Ne7 25. Ne1 Nc6 26. Nc2 Bh6 27. Rb1 R5d7 28. f3 Kf7 29. Bd2 Bxd2 30. Rxd2 Rc8 31. Rbd1 Nd4+ 32. Nxd4 Rxd4 33. Ke3 Ke6 34. Rf1 Kd5 35. Rff2 f5 36. Rc2 f4+ 37. Kd2 Rxc2+ 38. Kxc2 Rb4 39. Re2 Rb6 40. Re4 g5 41. Re2 Rh6 42. Rh2 Kd4 43. Kd2 Ra6 44. h4 Rh6 45. h5 Ra6 46. Re2 Rxa2 47. Re4+ Kd5 48. Kc3 Ra5 49. d4 Kd6 50. Kc4 Rd5 51. dxe5+ Rxe5 52. Rd4+ Ke7 53. Rd3 Re3 54. Rxe3+ fxe3 55. Kd3 Ke6 56. Kxe3 Ke5 57. f4+ gxf4+ 58. Kf3 h6 0-1

[Event "Oberliga Ost A"]
[Site "?"]
[Date "2022.09.18"]
[Round "1.5"]
[White "Pallas, Sebastian"]
[Black "Erler, Rainer"]
[Result "1/2-1/2"]
[WhiteElo "2225"]
[BlackElo "2072"]
[PlyCount "60"]
[EventDate "2022.09.18"]
[EventType "team-tourn"]
[EventCountry "GER"]
[WhiteTeam "Dessau SK"]
[BlackTeam "Loeberitz SG"]
[WhiteTeamCountry "GER"]
[BlackTeamCountry "GER"]

1. e4 e5 2. Nf3 Nc6 3. d4 exd4 4. Nxd4 Nf6 5. Nxc6 bxc6 6. e5 Ne4 7. Bd3 Nc5 8. O-O Nxd3 9. Qxd3 Qh4 10. Nd2 Be7 11. f4 O-O 12. Ne4 d5 13. Ng3 f6 14. Be3 fxe5 15. fxe5 Qg4 16. Rxf8+ Bxf8 17. Rf1 Qe6 18. Qc3 Ba6 19. Re1 Rb8 20. a3 c5 21. Bxc5 Bxc5+ 22. Qxc5 Rxb2 23. Qxc7 g6 24. h3 Qb6+ 25. Qxb6 axb6 26. Ne2 Bxe2 27. Rxe2 Kf7 28. e6+ Ke7 29. Re5 Rxc2 30. Rxd5 Kxe6 1/2-1/2

[Event "Oberliga Ost A"]
[Site "?"]
[Date "2022.09.18"]
[Round "1.6"]
[White "Leibovitch, Iziaslav"]
[Black "Otikova, Elina"]
[Result "0-1"]
[WhiteElo "2088"]
[BlackElo "2088"]
[PlyCount "132"]
[EventDate "2022.09.18"]
[EventType "team-tourn"]
[EventCountry "GER"]
[WhiteTeam "Loeberitz SG"]
[BlackTeam "Dessau SK"]
[WhiteTeamCountry "GER"]
[BlackTeamCountry "GER"]

1. Nf3 d5 2. g3 c6 3. Bg2 Bg4 4. O-O Nd7 5. d3 e5 6. e4 dxe4 7. dxe4 Ngf6 8. h3 Be6 9. Ng5 Bc4 10. Re1 h6 11. Nd2 Ba6 12. Ngf3 Bc5 13. Nb3 Qe7 14. Nh4 g6 15. Qf3 Kf8 16. Bd2 Bb6 17. Rad1 Kg7 18. Bc3 Rad8 19. Rd2 Rhe8 20. Red1 c5 21. a3 Bc7 22. Bf1 Bxf1 23. Kxf1 Qe6 24. Kg2 c4 25. Nc1 Nc5 26. Rxd8 Rxd8 27. Rxd8 Bxd8 28. Qd1 Bb6 29. f3 Na4 30. Ne2 a5 31. Bd2 Qc6 32. Bc1 Qc5 33. Qe1 Qc6 34. Qd2 Ng8 35. Kh2 Qc5 36. Qe1 Qb5 37. f4 Qc5 38. Nf3 Nf6 39. b3 cxb3 40. cxb3 Qc2 41. bxa4 Nxe4 42. Bd2 Bf2 43. Qf1 Bxg3+ 44. Nxg3 Nxd2 45. Nxd2 Qxd2+ 46. Qg2 Qxf4 47. Qxb7 Qxa4 48. Qe7 Qf4 49. Qc5 h5 50. Kg2 h4 51. Ne2 Qe4+ 52. Kf2 a4 53. Qb4 Qxb4 54. axb4 Kf8 55. b5 Ke8 56. Nc3 a3 57. b6 Kd7 58. b7 Kc7 59. Nb5+ Kxb7 60. Nxa3 Kc6 61. Nc2 Kd6 62. Ne1 g5 63. Nf3 f6 64. Ke3 Ke6 65. Kd3 Kf5 66. Ke3 g4 0-1

[Event "Oberliga Ost A"]
[Site "?"]
[Date "2022.09.18"]
[Round "1.7"]
[White "Mertens, Fridolin"]
[Black "Schneider, Jens Erik"]
[Result "1-0"]
[WhiteElo "2134"]
[BlackElo "2021"]
[PlyCount "63"]
[EventDate "2022.09.18"]
[EventType "team-tourn"]
[EventCountry "GER"]
[WhiteTeam "Dessau SK"]
[BlackTeam "Loeberitz SG"]
[WhiteTeamCountry "GER"]
[BlackTeamCountry "GER"]

1. e4 Nf6 2. e5 Nd5 3. d4 d6 4. Bc4 Nb6 5. Bb3 Nc6 6. e6 f6 7. c4 a5 8. d5 Nb4 9. a3 a4 10. axb4 axb3 11. Rxa8 Nxa8 12. Qxb3 c6 13. Nc3 g6 14. Be3 Bg7 15. Nge2 O-O 16. b5 c5 17. O-O Nc7 18. Qa3 Nxe6 19. dxe6 Bxe6 20. b3 f5 21. Nd5 Bxd5 22. cxd5 Qd7 23. Nf4 Qxb5 24. Ne6 Rc8 25. Nxg7 Kxg7 26. Qb2+ Kf7 27. Bh6 Rg8 28. Qc3 g5 29. Qe3 Rg6 30. Bxg5 Qd7 31. Re1 b5 32. Qf4 1-0

[Event "Oberliga Ost A"]
[Site "?"]
[Date "2022.09.18"]
[Round "1.8"]
[White "Schaefer, Sven"]
[Black "Deutsch, Joey"]
[Result "1/2-1/2"]
[WhiteElo "1967"]
[BlackElo "1961"]
[PlyCount "133"]
[EventDate "2022.09.18"]
[EventType "team-tourn"]
[EventCountry "GER"]
[WhiteTeam "Loeberitz SG"]
[BlackTeam "Dessau SK"]
[WhiteTeamCountry "GER"]
[BlackTeamCountry "GER"]

1. e4 c6 2. d4 d5 3. Nc3 dxe4 4. Nxe4 Bf5 5. Ng3 Bg6 6. h4 h6 7. Nf3 Nd7 8. h5 Bh7 9. Bd3 Bxd3 10. Qxd3 e6 11. Bd2 Ngf6 12. O-O-O Be7 13. Kb1 O-O 14. Ne4 Nxe4 15. Qxe4 Nf6 16. Qe2 Qd5 17. Be3 Nxh5 18. g4 Nf6 19. g5 hxg5 20. Ne5 g4 21. f3 Rfd8 22. Qh2 Kf8 23. c4 Qa5 24. fxg4 Bd6 25. Rdf1 Ke7 26. Qf4 Rf8 27. Qg5 Bc7 28. Bd2 Qb6 29. Qxg7 Bxe5 30. dxe5 Ne4 31. Bg5+ Nxg5 32. Qxg5+ Ke8 33. Rd1 Rd8 34. Qf4 Rd7 35. g5 Qd8 36. Rxd7 Qxd7 37. Qe3 b6 38. a3 Kd8 39. Rf1 Kc8 40. g6 Qe7 41. g7 Rg8 42. Rg1 f6 43. exf6 Qxf6 44. Qg3 Kb7 45. Kc2 Kc8 46. Rg2 Kb7 47. Qg4 Kc7 48. Qg3+ Kb7 49. Qc3 Qf5+ 50. Qd3 Qf7 51. Qg6 Qe7 52. Qh7 Qf7 53. Qg6 Qe7 54. Rg3 Kc7 55. Kc3 Kb7 56. b4 Kc7 57. Qg5 Qf7 58. Qe5+ Kb7 59. a4 Qe7 60. Rg6 Qf7 61. Qg3 Qe7 62. Kb3 Qd7 63. b5 Qd1+ 64. Ka3 Qc1+ 65. Kb3 Qd1+ 66. Ka3 Qc1+ 67. Kb3 1/2-1/2

[Event "Oberliga Ost A"]
[Site "?"]
[Date "2022.09.18"]
[Round "1.1"]
[White "Dahl, Christoph"]
[Black "Hassemeier, Mika"]
[Result "1-0"]
[WhiteElo "2339"]
[BlackElo "2095"]
[PlyCount "117"]
[EventDate "2022.09.18"]
[EventType "team-tourn"]
[EventCountry "GER"]
[WhiteTeam "Dessau SK"]
[BlackTeam "Loeberitz SG"]
[WhiteTeamCountry "GER"]
[BlackTeamCountry "GER"]

1. e4 e5 2. Nf3 Nc6 3. Bb5 Nf6 4. O-O Nxe4 5. d4 Nd6 6. Bxc6 dxc6 7. dxe5 Nf5 8. Qxd8+ Kxd8 9. Nc3 Ke8 10. Rd1 Be7 11. h3 Nh4 12. Nxh4 Bxh4 13. g4 Be7 14. Be3 a5 15. Kg2 Be6 16. f4 Rd8 17. Rxd8+ Bxd8 18. f5 Bc8 19. Rd1 h5 20. Ne4 hxg4 21. hxg4 g6 22. Ng3 Rg8 23. Kf3 Bh4 24. f6 Bxg3 25. Kxg3 Rh8 26. Bc5 Bd7 27. Be7 g5 28. a4 b6 29. c3 Rh4 30. e6 fxe6 31. f7+ Kxe7 32. Rxd7+ Kf8 33. Rxc7 Rh1 34. Rxc6 Kxf7 35. Rxb6 Rg1+ 36. Kh3 e5 37. Rb5 Ke6 38. Rxa5 e4 39. Ra8 Ke5 40. a5 e3 41. a6 e2 42. Re8+ Kf4 43. Rxe2 Kf3 44. Kh2 Rxg4 45. a7 Rh4+ 46. Kg1 Ra4 47. Re7 g4 48. Rf7+ Kg3 49. Kf1 Ra1+ 50. Ke2 Kh2 51. b4 g3 52. b5 g2 53. Rh7+ Kg3 54. Rg7+ Kf4 55. b6 Ra2+ 56. Kd3 Kf3 57. b7 Rxa7 58. b8=Q Rxg7 59. Qf8+ 1-0

[Event "Oberliga Ost A"]
[Site "?"]
[Date "2022.09.18"]
[Round "1.2"]
[White "Hovsepyan, Vardan"]
[Black "Zwahr, Paul"]
[Result "1/2-1/2"]
[WhiteElo "2253"]
[BlackElo "2282"]
[PlyCount "75"]
[EventDate "2022.09.18"]
[EventType "team-tourn"]
[EventCountry "GER"]
[WhiteTeam "Dresden SG Gruen Weiss"]
[BlackTeam "Hoyerswerde FVS ASP"]
[WhiteTeamCountry "GER"]
[BlackTeamCountry "GER"]

1. e4 e5 2. Nf3 Nc6 3. Bb5 a6 4. Bxc6 dxc6 5. Nc3 f6 6. d3 c5 7. Be3 Bd6 8. Nd2 Be6 9. Nc4 Ne7 10. Ne2 Nc6 11. Qd2 Qe7 12. Nxd6+ Qxd6 13. f4 O-O-O 14. b3 f5 15. exf5 Bxf5 16. Ng3 exf4 17. Nxf5 Qe5 18. O-O fxe3 19. Nxe3 Rhf8 20. Nc4 Qd4+ 21. Kh1 Rf6 22. Rae1 Rdf8 23. Rxf6 Qxf6 24. h3 b5 25. Ne3 Qf2 26. Qd1 Re8 27. Re2 Qf7 28. Ng4 Nd4 29. Rxe8+ Qxe8 30. Nf2 Qe3 31. Ne4 Nf5 32. c4 Kb7 33. Qf3 Qxf3 34. gxf3 Kc6 35. Kg2 b4 36. f4 Nd4 37. Kf2 a5 38. Ng5 1/2-1/2

[Event "Oberliga Ost A"]
[Site "?"]
[Date "2022.09.18"]
[Round "1.3"]
[White "Genkin, Michael"]
[Black "Boehm, Robert"]
[Result "1/2-1/2"]
[WhiteElo "2273"]
[BlackElo "2121"]
[PlyCount "45"]
[EventDate "2022.09.18"]
[EventType "team-tourn"]
[EventCountry "GER"]
[WhiteTeam "Hoyerswerde FVS ASP"]
[BlackTeam "Dresden SG Gruen Weiss"]
[WhiteTeamCountry "GER"]
[BlackTeamCountry "GER"]

1. d4 d5 2. c4 c6 3. Nf3 Nf6 4. cxd5 cxd5 5. Nc3 Nc6 6. Bf4 a6 7. e3 Bg4 8. h3 Bxf3 9. Qxf3 e6 10. Rc1 Bd6 11. Bd3 Bxf4 12. Qxf4 Rc8 13. O-O O-O 14. a3 Qc7 15. Qh4 h6 16. Na4 a5 17. Rc3 Qd6 18. Rfc1 Ne7 19. f4 Rxc3 20. Rxc3 Rc8 21. Qe1 Rc6 22. Rxc6 Nxc6 23. Nc3 1/2-1/2

[Event "Oberliga Ost A"]
[Site "?"]
[Date "2022.09.18"]
[Round "1.4"]
[White "Jahnel, Guenther"]
[Black "Siedentopf, Daniel"]
[Result "1/2-1/2"]
[WhiteElo "2202"]
[BlackElo "2243"]
[PlyCount "215"]
[EventDate "2022.09.18"]
[EventType "team-tourn"]
[EventCountry "GER"]
[WhiteTeam "Dresden SG Gruen Weiss"]
[BlackTeam "Hoyerswerde FVS ASP"]
[WhiteTeamCountry "GER"]
[BlackTeamCountry "GER"]

1. d4 f5 2. Nf3 Nf6 3. g3 g6 4. Bg2 Bg7 5. O-O O-O 6. b3 d6 7. Bb2 Ne4 8. Nbd2 Nxd2 9. Qxd2 Nc6 10. c4 e5 11. d5 Nb8 12. Rfc1 b6 13. b4 a5 14. a3 axb4 15. axb4 Rxa1 16. Rxa1 Na6 17. e3 f4 18. Ra4 fxg3 19. hxg3 g5 20. e4 Bh6 21. Bc3 Qf6 22. Qa2 Bh3 23. Bh1 Bg4 24. Nh2 Bc8 25. Be1 Nb8 26. Ra7 Qd8 27. c5 Nd7 28. Ng4 Bg7 29. c6 Nf6 30. Nxf6+ Bxf6 31. Qe2 Qe7 32. Bf3 Qf7 33. Bd2 Bd8 34. Bh5 Qf6 35. Be3 Kh8 36. b5 Rg8 37. Ra8 Be7 38. Bg4 Bxg4 39. Rxg8+ Kxg8 40. Qxg4 Bd8 41. Qd7 h6 42. Bxb6 cxb6 43. c7 Bxc7 44. Qxc7 Qf3 45. Qxd6 Qxe4 46. Qxb6 Qxd5 47. Qg6+ Kf8 48. Qxh6+ Kf7 49. Qh5+ Kf6 50. b6 e4 51. Qe2 Qb3 52. Qe3 Qb4 53. Kg2 Kg6 54. Kh2 Kh6 55. Kh3 Kg6 56. Kg2 Kh6 57. Qe2 Qxb6 58. Qxe4 Qd6 59. Qf3 Qe5 60. Qf8+ Kg6 61. Qa8 Qe6 62. Qf3 Kh6 63. g4 Kg6 64. Kh3 Qe5 65. Qd3+ Kg7 66. Qf5 Qc3+ 67. Kg2 Qd2 68. Qe5+ Kg6 69. Qe6+ Kg7 70. Qe5+ Kg6 71. Kg3 Qd3+ 72. Kg2 Qd2 73. Kf3 Qd3+ 74. Qe3 Qd1+ 75. Qe2 Qb3+ 76. Ke4 Qe6+ 77. Kd3 Qa6+ 78. Kd2 Qa2+ 79. Ke1 Qb1+ 80. Kd2 Qa2+ 81. Ke3 Qe6+ 82. Kf3 Qb3+ 83. Kg2 Qd5+ 84. f3 Qc5 85. Qe4+ Kg7 86. Kf1 Kf6 87. Ke2 Qb5+ 88. Ke3 Qb3+ 89. Qd3 Qe6+ 90. Kf2 Qa2+ 91. Kg3 Qa5 92. Qd6+ Kf7 93. Qd7+ Kf6 94. Qd4+ Kf7 95. Qe4 Qc5 96. Qf5+ Qxf5 97. gxf5 Kg7 98. Kh3 Kf7 99. Kg4 Kf6 100. f4 gxf4 101. Kxf4 Kf7 102. Ke5 Ke7 103. f6+ Kf8 104. Kf5 Kf7 105. Kg5 Kf8 106. Kg6 Kg8 107. f7+ Kf8 108. Kf6 1/2-1/2